| 000 | 01053nam a2200181 i 4500 | ||
|---|---|---|---|
| 001 | 162472 | ||
| 003 | ES-MaACL | ||
| 005 | 20230906212532.0 | ||
| 008 | 050824s1869 sp |||| | spa d | ||
| 245 | 0 | 3 |
_aEl porvenir de la juventud _bo Reseña de todas las carreras que hay en España : con las reformas que en su organización se han introducido desde la revolución hasta despues de publicado el proyecto de Ley de Enseñanza, gastos que ocasiona cada una... / _credactada por una Sociedad de individuos pertenecientes a diversas carreras del Estado ; [bajo la dirección de Eugenio Sirera y Mallén]. |
| 246 | 3 | 0 | _aReseña de todas las carreras que hay en España |
| 260 |
_aMadrid : _b[s.n.], _c1869 ( _fImp. de J.M. Lapuente) |
||
| 300 |
_a94 p. ; _c20 cm. |
||
| 594 | _aEl nombre del dir. de la obra tomado de la cub. original. | ||
| 650 | 4 |
_aEnseñanza superior- _zEspaña- _yS.XIX. _9144821 |
|
| 700 | 1 |
_aSirera y Mallén, Eugenio. _9132767 |
|
| 852 |
_aES-MaACL _jT-586-F-4 _z- Enc. hol. conservando cub. original _z- Enc. en un vol. facticio |
||
| 999 |
_c162472 _d162472 |
||